000 00313nam a2200133Ia 4500
008 200615s9999||||xx |||||||||||||| ||und||
082 _a650
_bINT-N
100 _aN.S.KUMAR
245 0 _aINTERNATIONAL BUSINESS
250 _a1ST
260 _anew delhi
_bALLAHABAD LAW AGENCY
_c2017
300 _a125
942 _cBK
999 _c27287
_d27287